| 000 | 00493nam a2200181 a 4500 | ||
|---|---|---|---|
| 001 | 1688 | ||
| 005 | 20140414131910.0 | ||
| 008 | 001110s19uu xx 00 eng d | ||
| 020 | _a | ||
| 050 |
_aER _bB11 1979 |
||
| 100 | _aWalt Disney Productions | ||
| 245 |
_aBambi and the butterfly / _cWalt Disney Production. |
||
| 260 |
_aNew York : _bRandom House, _c1982. |
||
| 300 | _a1 v. (unp.) : ill. ; cm. | ||
| 650 | _aDeer -- stories. | ||
| 650 | _aAnimals -- stories. | ||
| 999 |
_c111159 _d111159 |
||